Responses for show #6464 - Thursday, October 25, 2012

Keith Whitener game 2.

Contestants

Sarah Hayden Williams, a bakery owner and caterer from North Creek, New York

Erik Greb, a medical magazine editor from Somerset, New Jersey

Keith Whitener, a research chemist originally from Charlotte, North Carolina (whose 1-day cash winnings total $25,000)

Jeopardy! Round responses

THE 5 SENSES
HEARING
SMELL
TASTE
SITE
TOUCHÉ
    $200 17
the olfactory system

Keith
    $200 1
deportation

Sarah
    $200 8
bouquet

Keith
    $200 2
a still life

Sarah
    $200 25
(Sarah: What is the Department of Taxation?)
...
(Alex: We have less than a minute now, Keith.)

the IRS

KeithSarah
    $200 13
Zorro

Keith
    $400 18
the retina

Erik
    $400 4
confession

Erik
    $400 9
aroma

Keith
    $400 3
cool (jazz)

Keith
    $400 26
Digg

Triple Stumper
    $400 14
Kill Bill

Keith
    $600 19
the palate

Keith
    $600 5
(Alex: And that word is [*], bail [*].)

bond

Triple Stumper
    $600 10
odor

Keith
    $600 22
tapestry

Keith
    $600 15
Highlander

Triple Stumper
    $800 20
the tympanic membrane

Keith
    $800 6
lawyer

Erik
    $800 11
cologne

Erik
    $800 23
(Sarah: Who is Limoges?)

Wedgwood

Sarah
Triple Stumper
    $800 29
[The end-of-round signal sounds.]

ESPN

Keith
    $800 16
(Erik: Who is John Barrymore?)

Douglas Fairbanks, Sr.

Erik
Triple Stumper
    $1000 21
whiskers

Keith
    $800 7
competence

Erik
    $1000 12
acrid

Keith
    $1000 24
(Maria) Callas

Sarah
    $1000 27
imdb

Keith
    $1000 28
Mandy Patinkin

Keith

Scores at the first commercial break (after clue 12):

Keith Erik Sarah
$2,600 $2,800 $400

Scores at the end of the Jeopardy! Round:

Keith Erik Sarah
$9,400 $2,400 $400

Double Jeopardy! Round responses

NAME THAT CENTURY
MTV VIDEO MUSIC AWARDS
(Alex: We'll give you clues about [*]. You identify the artist.)
BOOKS & AUTHORS
EURO COINS
ONE MAN, ONE BOAT
A "HA"!
    $400 2
the 19th century

Keith
    $400 9
The Police

Erik
    $400 11
The Village Voice

Erik
    $400 7
Cervantes

Keith
    $400 1
a hand-me-down

Keith
    $800 3
the 18th century

Keith
    $800 18
Kanye West

Keith
    $800 12
Robert Burns

Keith
    $800 8
the Brandenburg Gate

Sarah
    $800 14
the hammer

Triple Stumper
    $1200 4
the 20th century

Erik
    $1200 21
'N Sync

Sarah
    $1200 19
Goodnight Moon

Sarah
    $1200 10
(Keith: What is liberté, fraternité, égalité?)
...
(Alex: Keith, you got the right words but the wrong order, and because it was a motto we needed [*].)

liberté, égalité & fraternité

Keith
Triple Stumper
    $1200 25
(Sarah: What is an Oscar?)
...
(Alex: Less than a minute to go now Keith)

Golden Globe

Sarah
Triple Stumper
    $1200 15
a harpy

Keith
    $1600 5
(Sarah: What is the 15th century?)

the 16th century

KeithSarah
    $1600 22
Coldplay

Triple Stumper
    $2,000 20
(Sarah: What is--?)

Howards End

Sarah
    $1600 13
Queen Beatrix

Triple Stumper
    $2,000 26
the Suez Canal

Keith
    $1600 16
habaneros

Keith
    $2000 6
(Keith: What is the 8th century?)
...
(Alex: It happened in the 600s, so it was [*])

the 7th century

Keith
Triple Stumper
    $2000 23
Britney Spears

Keith
    $2000 24
(Alex: And that French author is [*]. Also, Jean-Jacques Rousseau is there too.)

Voltaire

Triple Stumper
    $2000 27
[The end-of-round signal sounds.]

the Strait of Magellan

Triple Stumper
    $2000 17
the Hanseatic League

Sarah

Scores at the end of the Double Jeopardy! Round:

Keith Erik Sarah
$18,200 $4,400 $800
(lock game)

[wagering suggestions for these scores]

Final Jeopardy! Round responses

WORLD LANGUAGES
(Alex: And that country is one of the world's largest.)
...
[After Sarah's response is revealed]
(Alex: No, sorry. You picked the country, but we were going for the language. So you had the right country but the wrong response.)
SarahWhat is Brazil?
$799
ErikWhat is Portuguese
$4,400
KeithWhat is Portuguese?
$8,000
Portuguese

Final scores:

Keith Erik Sarah
$26,200 $8,800 $1
2-day champion: $51,200 2nd place: $2,000 3rd place: $1,000

Game dynamics:

Coryat scores:

Keith Erik Sarah
$17,800 $4,600 $2,800
27 R
(including 1 DD),
2 W
8 R
(including 1 DD),
1 W
7 R,
5 W
(including 1 DD)

Combined Coryat: $25,200

The J! Archive is created by fans, for fans. The Jeopardy! game show and all elements thereof, including but not limited to copyright and trademark thereto, are the property of Jeopardy Productions, Inc. and are protected under law. This website is not affiliated with, sponsored by, or operated by Jeopardy Productions, Inc. Join the discussion at JBoard.tv.